Countries Bordering Mozambique - Map Quiz - Statistics

General Stats
  • This quiz has been taken 560 times
    476 since last reset
  • The average score is 6 of 6
Answers on the Map
Answers color-coded by a green-red scale on the quiz's map according to % correct below.
 
Answer Stats
Answer % Correct
Malawi
98%
Eswatini
97%
South Africa
97%
Tanzania
97%
Zimbabwe
96%
Zambia
94%
No matching quizzes found
Score Distribution
Percent of People with Each Score
Percentile by Number Answered
Your Score History
You have not taken this quiz since the last reset